| 000 | 00352nam a22001457a 4500 | ||
|---|---|---|---|
| 003 | OSt | ||
| 005 | 20160727222406.0 | ||
| 008 | 160623b xxu||||| |||| 00| 0 eng d | ||
| 040 | _cTEST | ||
| 100 |
_9839 _aWhite head, J.W |
||
| 245 | _aThe Stealing of America | ||
| 260 |
_aDL _bCrossway Books _c1964 |
||
| 300 | _aThe Stealing of America | ||
| 942 |
_2ddc _cBK |
||
| 999 |
_c666 _d666 |
||